000 00227nam a2200097Ia 4500
008 240331s9999 xx 000 0 und d
082 _bKOO
100 _aKooiman, D
245 0 _aConversion and social equality in India
942 _cL
999 _c2350
_d2350